00602nam a2200157Ia 4500008004100000100002000041245013700061245006500198260002500263260000900288300002500297650001600322650001500338999001900353952007200372170224s9999 xx 000 0 und d aRichard B. Dull aAchievement Goal Theory: The Relationship of Accounting Students’ Goal Orientations with Self-efficacy, Anxiety, and Achievement  cRichard B. Dull, Lydia L. F. Schleifer & Jeffrey J. McMillan bAccounting Education c2015 a24:2, Pages: 152-174 xAccountancy xAccounting c316130d316130 001040aCLbCLd2017-02-24l0r2017-02-24 00:00:00w2017-02-24ySE